00868nam a2200193 a 450000100100000000500170001000800410002702000150006804000250008310000360010824500760014426001360022030000210035649000480037750400730042583000540049895201050055299900170065700003758020200930080443.0120501s2002 sp 000 0 spa d a8400080971 aDO-SdBNPbspacBNPHU1 aRedondo García, Esther96404913aEl fogatjament general de Catalunya de 1378 /cEsther Redondo García. aBarcelona :bConsell Superior d'Investigacions Científiques :bInstitució Milà i Fontanals, Departament d'Estudis Medievals,. a528 p. ;c25 cm.1 aAnuario de estudios medievales. Anejo ;v48 aIncluye referencias bibliográficas y notas al pie de las páginas 0aAnuario de estudios medievales Anejo ;v48964050 001050718MOaGRbGRcCTd2012-05-01iLF1l0o p37580-10r2020-06-25w2020-06-25y1ZNo se presta c37070d37070